| 000 | 00682nam a22001817a 4500 | ||
|---|---|---|---|
| 999 |
_c62376 _d62376 |
||
| 003 | Ge_BSU | ||
| 005 | 20241017172232.0 | ||
| 008 | 241017s1955 ge ||||| |||| 00| 0 geo d | ||
| 041 | _ageo | ||
| 080 | _a616.22-006.46 ქ-16 | ||
| 100 |
_aქათამაძე, შ. _923435 |
||
| 245 |
_aხორხის კიბო და მისი მკურნალობის საკითხები / _cშ. ქათამაძე. |
||
| 264 |
_aთბილისი : _bსაქმედგამი, _c1955. |
||
| 300 |
_a32 გვ. ; _b20 სმ. |
||
| 653 | _aხორხის კიბო | ||
| 653 | _aმედიცინა | ||
| 942 |
_2udc _cᲬᲘᲒᲜᲘ |
||